Представление документа в формате RUSMARC

ПолеНазваниеЗначение
  Тип записи a
  Библиографический уровень a
001 Контрольный номер 6602ab7c210244c3bc582f33319589ba
005 Дата корректировки 20260218143745.1
100 Данные общей обработки __
a Данные общей обработки 20260218 ||| 0rusy0189 ca
101 Язык документа 0_
a Язык текста rus
102 Страна публикации __
a Страна публикации RU
200 Заглавие и сведения об ответственности 1_
a Заглавие Цифровые технологии в детской библиотеке как способ вовлечения в читательскую деятельность. Культура медиапотребления
f Первые сведения об ответственности О. Ю. Молчкова
e Сведения, относящиеся к заглавию [о работе медиацентра в Самарской областной детской библиотеке]
461 Уровень набора _0
1 2000
a Школьная библиотека
463 Уровень физической единицы _0
1 2000
a № 5
b Текст
v С. 11-15 : фот.
1 2101
d 2025
1 0012abfa6f7d33340e28e3e252aeee7b0ef
606 Тематические рубрики 0_
a Основная рубрика Методы и формы массового обслуживания пользователей
610 Ключевые слова 0_
a Ключевые слова детские библиотеки, библиотеки, медиапотребление, медиацентры, медиапроекты
686 Индексы других классификаций __
a Классификационный индекс 78.374.3
700 Автор _1
a Фамилия Молчкова
b Имя (инициалы) О. Ю.
g Полное личное имя Ольга Юрьевна
801 Источник записи _0
a Страна RU
b Организация УОБДЮ
c Дата составления 20260218
g Правила каталогизации RCR
801 Источник записи _1
a Страна RU
b Организация УОБДЮ
c Дата составления 20260218
g Правила каталогизации RCR
901 Тип документа __
t Тип документа b
w Контрольный № источника 2abfa6f7d33340e28e3e252aeee7b0ef
905 Данные по созданию БЗ __
b Логин пользователя, который создал БЗ ibo8